Pointe-à-Pitre Int. Airport Destinations (Pointe-à-Pitre, Guadeloupe) - Statistics

General Stats
  • This quiz has been taken 53 times
    30 since last reset
  • The average score is 14 of 19
Answer Stats
Airline Destination % Correct
Air France Paris (Charles de Gaulle)
100%
Air Caraïbes/Air France/Corsair International Paris (Orly)
100%
Air France/American Eagle Miami
95%
Air Antilles/Air Caraïbes/Air France Fort-de-France
90%
Air Canada/Air France/Air Transat Montreal (Trudeau)
90%
Air Antilles/St Barth Commuter/St Barth Executive Saint Barthelemy
81%
Air France St. Maarten
81%
Cosair International Bordeaux
71%
Air Antilles/Air Caraïbes St. Martin
71%
Caribbean Airlines Barbados
67%
Neos Milan (Malpensa)
67%
Neos Rome (Fiumicino)
67%
Sky High/Sunrise Airways Santo Domingo (Las Americas)
67%
Air France/Sunrise Airways Port-au-Prince
62%
Caribbean Airlines Port of Spain
62%
Sunrise Airways Antigua
57%
Caribbean Airlines/Sunrise Airways Dominica (Douglas-Charles)
57%
Air France Cayenne
43%
Caribbean Airlines Castries
24%
No matching quizzes found
Score Distribution
Percent of People with Each Score
Percentile by Number Answered
Your Score History
You have not taken this quiz since the last reset